000 00629cam a2200217u 4500
001 42946
003 BD-RjUL
005 20211209053624.0
008 160618s1968 nyuc 000 0 eng
035 _a(BD-RjUL)43064
040 _aDLC
_cCarP
_dDLC
_beng
041 _aeng
082 _222
_a330
_bECO 1968
245 1 0 _aEconomic essays in honor of Wesley Clair Mitchell
260 _aNew York,
_bRussell & Russell
_c[1968]
300 _aix, 516 p. :
_bill. ;
_c25 cm.
650 0 _aEconomics.
_9131888
700 1 _aMitchell, Wesley C.
_q(Wesley Clair),
_d1874-1948.
_9130518
942 _2ddc
_cBK
999 _c42946
_d42946